[Event "Titled Tuesday intern op 27th Aug Late"]
[Site "Chess.com INT"]
[Date "2024.08.27"]
[Round "10"]
[White "Stachanczyk, Jacek"]
[Black "Reprintsev, Alexander"]
[Result "0-1"]
[WhiteElo "2091"]
[BlackElo "2230"]
[PlyCount "62"]
[EventDate "2024.08.27"]
[EventType "swiss (blitz)"]
[EventRounds "11"]
[EventCountry "USA"]
[SourceTitle "EXT 2025"]
[Source "ChessBase"]
[SourceDate "2024.10.14"]
[SourceVersion "1"]
[SourceVersionDate "2024.10.14"]
[SourceQuality "1"]

1. e4 d5 2. exd5 Qxd5 3. Nc3 Qd6 4. g3 Nf6 5. d4 Bg4 6. Qd3 Nc6 7. Nb5 Qd7 8. Bg2 a6 9. d5 axb5 10. dxc6 Qxd3 11. cxd3 b6 12. Bf4 e5 13. Bxe5 Bb4+ 14. Bc3 Bd6 15. Nf3 0-0-0 16. 0-0 b4 17. Bxf6 gxf6 18. a3 b3 19. Nd4 Be5 20. Nxb3 Rxd3 21. Nc1 Rd2 22. h3 Bxb2 23. Nb3 Rd3 24. Ra2 Rxb3 25. hxg4 Re8 26. Bd5 Rb5 27. Bc4 Rc5 28. Bxf7 Re7 29. Bb3 Bd4 30. Rd1 Re4 31. Bc2 Rxg4 0-1

[Event "Titled Tuesday intern op 20th Aug Late"]
[Site "Chess.com INT"]
[Date "2024.08.20"]
[Round "5"]
[White "Stachanczyk, Jacek"]
[Black "Przybylski, Wojciech"]
[Result "0-1"]
[WhiteElo "2091"]
[BlackElo "2308"]
[PlyCount "152"]
[EventDate "2024.08.20"]
[EventType "swiss (blitz)"]
[EventRounds "11"]
[EventCountry "USA"]
[SourceTitle "EXT 2025"]
[Source "ChessBase"]
[SourceDate "2024.10.14"]
[SourceVersion "1"]
[SourceVersionDate "2024.10.14"]
[SourceQuality "1"]

1. e4 c5 2. Nf3 e6 3. d4 cxd4 4. Nxd4 Nc6 5. Nc3 Qc7 6. Qd3 a6 7. Nxc6 bxc6 8. Qg3 Qxg3 9. hxg3 d5 10. Na4 Rb8 11. exd5 cxd5 12. Bf4 Rb4 13. b3 Nf6 14. f3 Bd7 15. Bxa6 Bxa4 16. bxa4 Nd7 17. Bb5 Bc5 18. Kd2 Bd4 19. Rab1 Rxb1 20. Rxb1 Ke7 21. Kd3 e5 22. Bd2 Nc5+ 23. Ke2 Ne6 24. a5 Rb8 25. a4 Bc5 26. a6 Kd6 27. c3 Nc7 28. Be3 Nxa6 29. Bxc5+ Nxc5 30. Bd3 Rxb1 31. Bxb1 Nxa4 32. Kd2 g6 33. Bd3 Nc5 34. Be2 f5 35. Ke3 h5 36. g4 hxg4 37. fxg4 f4+ 38. Kd2 g5 39. Bf3 Kc6 40. Bd1 Kd6 41. Bc2 Kc7 42. c4 Kc6 43. cxd5+ Kxd5 44. Ke2 e4 45. Bb1 Kd4 46. Ba2 Nd3 47. Bf7 Ne5 48. Bg8 Nxg4 49. Be6 Ne5 50. Bf5 Nc4 51. Bh7 Ne3 52. Kf2 Ng4+ 53. Ke2 Nf6 54. Bg6 Ke5 55. Bf7 g4 56. Kf2 g3+ 57. Ke2 Nd5 58. Be8 Ne3 59. Bd7 Nxg2 60. Bc6 Ne3 61. Ke1 Nf5 62. Kf1 Nd4 63. Bb7 Ne6 64. Ba6 Nc5 65. Bb7 Kd4 66. Kg2 Ke3 67. Bc6 Nd3 68. Bb7 Ne1+ 69. Kf1 Nf3 70. Kg2 Nh4+ 71. Kh3 g2 72. Kh2 f3 73. Ba6 Ng6 74. Kg1 Kf4 75. Bb7 Kg3 76. Bxe4 f2# 0-1